| 000 | 01032nam a22002777a 4500 | ||
|---|---|---|---|
| 001 | 33941 | ||
| 003 | BD-RjUL | ||
| 005 | 20211209052101.0 | ||
| 008 | 140512r19461939enka ab f001 0 eng d | ||
| 035 | _a(BD-RjUL)34033 | ||
| 040 |
_aDLC _cDLC _beng _dBD-RjUL |
||
| 041 | _aeng | ||
| 082 | 0 | 4 |
_a309.154 _bSOC 1946 |
| 245 | 0 | 0 |
_aSocial service in India : _ban introduction to some social and economic problems of the Indian people / _cwritten by six contributors ; edited by Sir Edward Blunt. |
| 260 |
_aLondon : _bHis Majesty's Stationery Office, _c1939 [Reprinted 1946] |
||
| 300 |
_axxiii, 447 p. : _bill. ; _c24 cm. |
||
| 504 | _aIncludes bibliographical references and index. | ||
| 651 | 0 |
_aIndia _xSocial conditions. _9103145 |
|
| 651 | 0 |
_aIndia _xEconomic conditions. _9103146 |
|
| 830 | 0 |
_vitem 07864. _9103150 |
|
| 700 | 1 |
_aBlunt, Edward, _cSir, _d1877-1941. _9103148 |
|
| 830 | 0 |
_aSAMP early 20th-century Indian books project ; _9103151 |
|
| 942 |
_2ddc _cBK |
||
| 999 |
_c33941 _d33941 |
||